Papyrus de Théadelphie /

محفوظ في:

المؤلف الرئيسي: Jouguet, Pierre, 1869-1949 (مؤلف)

التنسيق: كتاب

اللغة: French

منشور في: Paris : Fontemoing & cie, 1911.

الموضوعات:

الوسوم: إضافة وسم

لا توجد وسوم, كن أول من يضع وسما على هذه التسجيلة!

رقم الطلب: PA3315 .T4 J8

LEADER 00671nam a22002177a 4500
003 OSt
005 20250929094243.0
008 250929t1911 fr hp 000 0 fre d
010 |a 12016447 
040 |c ARCE Library 
043 |a f-ua--- 
050 1 4 |a PA3315 .T4  |b  J8 
100 1 |a Jouguet, Pierre,  |d 1869-1949,  |e author  |9 33394 
245 1 0 |a Papyrus de Théadelphie /   |c éd. par Pierre Jouguet ...  
264 1 |a Paris :   |b Fontemoing & cie,   |c 1911. 
300 |a xvi, 266 pages, 1 l. :  |b II folded facsimiles ;  |c 24 cm. 
650 0 |a Manuscripts, Greek (Papyri)  |z Egypt. 
651 0 |a Egypt  |x Theadelpheia (Extinct city) 
901 |a reviewed 
942 |c BK  |2 lcc 
999 |c 22300  |d 22300